Tratado de Fisiología General para médicos y estudiantes / (Record no. 109472)

MARC details
000 -LEADER
campo de control de longitud fija 00650nam a2200181 4500
001 - NÚMERO DE CONTROL
campo de control 109472
003 - IDENTIFICADOR DE NÚMERO DE CONTROL
campo de control ES-MaACL
005 - FECHA Y HORA DE LA ÚLTIMA TRANSACCIÓN
campo de control 20230906184841.0
007 - CAMPO FIJO DE DESCRIPCIÓN FÍSICA--INFORMACIÓN GENERAL
campo de control de longitud fija t|
008 - DATOS DE LONGITUD FIJA--INFORMACIÓN GENERAL
campo de control de longitud fija 061121s1936 sp r ||||1| spa d
100 1# - ENTRADA PRINCIPAL--NOMBRE DE PERSONA
Nombre de persona Mitchell, Philip H.
9 (RLIN) 81683
245 10 - MENCIÓN DEL TÍTULO
Título Tratado de Fisiología General para médicos y estudiantes /
Mención de responsabilidad, etc. por Philip H. Mitchell; Traducción de la 2ª edición norteamericana, por el Dr. A. Oriol Anguera y el Dr. Jorge Folch Pi.
260 ## - PUBLICACIÓN, DISTRIBUCIÓN, ETC.
Lugar de publicación, distribución, etc. Barcelona :
Nombre del editor, distribuidor, etc. Labor,
Fecha de publicación, distribución, etc. 1936.
300 ## - DESCRIPCIÓN FÍSICA
Extensión XV, 80 p. :
Otras características físicas il. ;
Dimensiones 20 cm.
700 1# - ENTRADA AGREGADA--NOMBRE PERSONAL
Nombre de persona Oriol Anguera, Antonio.
9 (RLIN) 87265
700 1# - ENTRADA AGREGADA--NOMBRE PERSONAL
Nombre de persona Folch Pi, Jorge.
9 (RLIN) 51457
852 ## - LOCALIZACIÓN
Ubicación ES-MaACL
Número de control de estantería A-4491
Holdings
Estatus retirado Estado de pérdida Estado de daño No para préstamo Biblioteca de origen Biblioteca actual Ubicación en estantería Fecha de adquisición Fuente de adquisición Total de préstamos Signatura topográfica completa Código de barras Visto por última vez Precio de reemplazo Tipo de ítem Koha
        Biblioteca del Ateneo de Madrid Biblioteca del Ateneo de Madrid Sala Pecera Planta 1 17/01/2008     A-4491 1114224 23/02/2023 23/02/2023 Libro impreso